[Event "HUN-chT2 Asztalos 1011"]
[Site "Hungary"]
[Date "2011.04.17"]
[Round "9.7"]
[White "Borocz, Istvan"]
[Black "Dios, Istvan"]
[Result "0-1"]
[WhiteElo "1852"]
[BlackElo "1966"]
[PlyCount "96"]
[EventDate "2010.09.12"]
[EventType "team-tourn"]
[EventRounds "11"]
[EventCountry "HUN"]
[SourceTitle "EXT 2012"]
[Source "ChessBase"]
[SourceDate "2011.11.24"]
[SourceVersion "1"]
[SourceVersionDate "2011.11.24"]
[SourceQuality "1"]
[WhiteTeam "Pecs Karmin"]
[BlackTeam "Szekesfehervar"]
[WhiteTeamCountry "HUN"]
[BlackTeamCountry "HUN"]

1. e4 e5 2. Nf3 Nc6 3. d4 exd4 4. Nxd4 Bc5 5. Be3 Qf6 6. c3 Nge7 7. Be2 d6 8. 0-0 0-0 9. a4 d5 10. Nxc6 Qxc6 11. exd5 Nxd5 12. Bxc5 Qxc5 13. b4 Qd6 14. Bf3 Be6 15. Qd4 Rfd8 16. Re1 c6 17. Na3 Qf4 18. Nc2 Qc7 19. Ne3 Nf4 20. Qe4 Nd5 21. Rac1 Nf6 22. Qc2 Rd6 23. Nf5 Bxf5 24. Qxf5 Qd7 25. Qxd7 Rxd7 26. Rcd1 Rad8 27. Rxd7 Rxd7 28. h3 Kf8 29. b5 c5 30. Re5 b6 31. Bc6 Rd1+ 32. Kh2 Rd3 33. Re3 Rxe3 34. fxe3 Ke7 35. Kg3 Kd6 36. c4 Ke5 37. Kf3 Ng8 38. Bd5 Nh6 39. g4 g5 40. Be4 f5 41. gxf5 Nxf5 42. Bd5 h5 43. Ke2 g4 44. hxg4 hxg4 45. Bc6 g3 46. Kf3 g2 47. Kf2 g1Q+ 48. Kxg1 Nxe3 0-1

[Event "HUN-chT2 Asztalos 1011"]
[Site "Hungary"]
[Date "2010.09.12"]
[Round "1.8"]
[White "Koppany, Tamas"]
[Black "Dios, Istvan"]
[Result "1-0"]
[WhiteElo "2046"]
[BlackElo "1966"]
[PlyCount "91"]
[EventDate "2010.09.12"]
[EventType "team-tourn"]
[EventRounds "11"]
[EventCountry "HUN"]
[SourceTitle "EXT 2012"]
[Source "ChessBase"]
[SourceDate "2011.11.24"]
[SourceVersion "1"]
[SourceVersionDate "2011.11.24"]
[SourceQuality "1"]
[WhiteTeam "Nagyatad"]
[BlackTeam "Szekesfehervar"]
[WhiteTeamCountry "HUN"]
[BlackTeamCountry "HUN"]

1. d4 d5 2. e3 Nf6 3. f4 c5 4. c3 Nbd7 5. Bd3 g6 6. Nf3 Bg7 7. Nbd2 b6 8. 0-0 0-0 9. b3 Bb7 10. Bb2 Rc8 11. Qe2 e6 12. Rac1 Qe7 13. Ne5 Rc7 14. Rfd1 Rfc8 15. Bb1 Ne8 16. Ndf3 cxd4 17. exd4 Nd6 18. Ba3 Nf6 19. c4 Qd8 20. c5 bxc5 21. Bxc5 Nde4 22. b4 Qe8 23. Bd3 Nxc5 24. bxc5 Ne4 25. Bb5 Qe7 26. Qe3 f6 27. Nd3 a6 28. Ba4 a5 29. Bb5 Bc6 30. Bxc6 Rxc6 31. Qe1 Qa7 32. Rb1 Ra8 33. Rb5 Rcc8 34. Rdb1 Rab8 35. a4 Bf8 36. R1b3 Rxb5 37. axb5 a4 38. Rb1 a3 39. Qb4 e5 40. fxe5 fxe5 41. Nfxe5 a2 42. Ra1 Nxc5 43. dxc5 Rxc5 44. b6 Qb8 45. Nd7 Qe8 46. Nf6+ 1-0

[Event "HUN-chT U18"]
[Site "Miskolc"]
[Date "2009.10.28"]
[Round "5.12"]
[White "Dios, Istvan"]
[Black "Papp, Abel"]
[Result "1/2-1/2"]
[WhiteElo "1968"]
[BlackElo "2243"]
[PlyCount "168"]
[EventDate "2009.10.26"]
[EventType "team-swiss"]
[EventRounds "8"]
[EventCountry "HUN"]
[SourceTitle "EXT 2016"]
[Source "ChessBase"]
[SourceDate "2015.10.08"]
[SourceVersion "1"]
[SourceVersionDate "2015.10.08"]
[SourceQuality "1"]

1. e4 e5 2. Nf3 Nc6 3. Bb5 a6 4. Ba4 Nf6 5. 0-0 b5 6. Bb3 Be7 7. Re1 d6 8. h3 0-0 9. c3 Bb7 10. d4 Na5 11. Bc2 Nc4 12. b3 Nb6 13. Nbd2 Nfd7 14. Nf1 Bf6 15. Ne3 g6 16. a4 c5 17. a5 Nc8 18. d5 Bg7 19. b4 c4 20. g4 Ne7 21. Nh2 Kh8 22. Nhf1 Ng8 23. Ng3 Bc8 24. Nef1 Qe7 25. Be3 Ndf6 26. Kg2 h6 27. Nh2 Nh7 28. Nf3 Bd7 29. Qd2 Rae8 30. Rh1 Qd8 31. Rag1 Qc8 32. Kf1 Qd8 33. Rh2 Qe7 34. Ne1 Bc8 35. f3 Bf6 36. h4 Bg7 37. Rgh1 Bd7 38. Bxh6 Bxh6 39. g5 Nxg5 40. hxg5 Kg7 41. gxh6+ Kh7 42. Qg2 Qg5 43. Ne2 Qf6 44. Rg1 Qe7 45. Qg5 Qxg5 46. Rxg5 Nxh6 47. Rg1 Rh8 48. Rgh1 Kg7 49. Ng3 Reg8 50. Ng2 f6 51. Ne3 Bc8 52. Ne2 Nf7 53. Rxh8 Rxh8 54. Rxh8 Kxh8 55. f4 Kg7 56. fxe5 dxe5 57. Ng3 Nd6 58. Kf2 Kh6 59. Bd1 f5 60. exf5 gxf5 61. Ngf1 Ne4+ 62. Ke1 Nxc3 63. d6 Ne4 64. Bf3 Nxd6 65. Bc6 f4 66. Nd5 Bg4 67. Nc7 c3 68. Nxa6 e4 69. Nc5 c2 70. Kd2 e3+ 71. Nxe3 fxe3+ 72. Kxc2 e2 73. Kd2 Nc4+ 74. Ke1 Ne3 75. Be4 Nc4 76. a6 Kg5 77. a7 Nb6 78. a8Q Nxa8 79. Bxa8 Kf4 80. Kf2 e1Q+ 81. Kxe1 Ke3 82. Bc6 Kd4 83. Kd2 Kc4 84. Bxb5+ Kxb5 1/2-1/2

[Event "HUN-chT2 Asztalos 0708"]
[Site "Hungary"]
[Date "2008.02.17"]
[Round "6"]
[White "Dios, Istvan"]
[Black "Csavassy, Gyorgy"]
[Result "1/2-1/2"]
[WhiteElo "2039"]
[BlackElo "1932"]
[PlyCount "76"]
[EventDate "2007.10.14"]
[EventType "team-tourn"]
[EventRounds "11"]
[EventCountry "HUN"]
[SourceTitle "EXT 2009"]
[Source "ChessBase"]
[SourceDate "2008.11.26"]
[SourceVersion "1"]
[SourceVersionDate "2008.11.26"]
[SourceQuality "1"]
[WhiteTeam "Elore MAV"]
[BlackTeam "Koppany"]
[WhiteTeamCountry "HUN"]
[BlackTeamCountry "HUN"]

1. e4 c5 2. c3 Nc6 3. d4 cxd4 4. cxd4 d6 5. Nc3 e6 6. Nf3 Be7 7. Bd3 h6 8. 0-0 Nf6 9. Be3 a6 10. a3 0-0 11. Re1 e5 12. dxe5 dxe5 13. h3 Be6 14. Qe2 Nd7 15. Rad1 Qe8 16. Nd5 Rc8 17. b4 Bd8 18. b5 axb5 19. Bxb5 f6 20. Rc1 Qg6 21. Qa2 f5 22. exf5 Qxf5 23. Bc4 Re8 24. Red1 Qf7 25. Nb4 Bxc4 26. Qxc4 Qxc4 27. Rxc4 Nf6 28. Rdc1 Ra8 29. Nxc6 bxc6 30. Rxc6 Rxa3 31. Rc8 Rd3 32. Ra8 e4 33. Ne1 Rd6 34. Rcc8 Kf7 35. Ra7+ Rd7 36. Rxd7+ Nxd7 37. Nc2 Bf6 38. Rxe8 Kxe8 1/2-1/2

[Event "HUN-chT2 Asztalos 0708"]
[Site "Hungary"]
[Date "2007.11.11"]
[Round "2"]
[White "Dios, Istvan"]
[Black "Geresdi, Andras"]
[Result "1-0"]
[WhiteElo "2039"]
[BlackElo "1798"]
[PlyCount "101"]
[EventDate "2007.10.14"]
[EventType "team-tourn"]
[EventRounds "11"]
[EventCountry "HUN"]
[SourceTitle "EXT 2009"]
[Source "ChessBase"]
[SourceDate "2008.11.26"]
[SourceVersion "1"]
[SourceVersionDate "2008.11.26"]
[SourceQuality "1"]
[WhiteTeam "Elore MAV"]
[BlackTeam "Pannonpower II"]
[WhiteTeamCountry "HUN"]
[BlackTeamCountry "HUN"]

1. e4 c5 2. c3 d5 3. exd5 Qxd5 4. d4 e6 5. a3 Nc6 6. Nf3 Nf6 7. Be3 cxd4 8. cxd4 Be7 9. Nc3 Qd6 10. Bd3 0-0 11. 0-0 Nd5 12. Qe2 Nxc3 13. bxc3 e5 14. Nxe5 Nxe5 15. Bf4 Bg4 16. Qxe5 Qxe5 17. Bxe5 f6 18. Bf4 Rac8 19. c4 Rfd8 20. d5 b5 21. Rfc1 Bd6 22. Bxd6 Rxd6 23. cxb5 Kf8 24. Rxc8+ Bxc8 25. Bc4 a6 26. a4 Ke7 27. Re1+ Kd8 28. f4 g6 29. Kf2 g5 30. fxg5 fxg5 31. Ke3 Kc7 32. Kd4 Rh6 33. h3 axb5 34. Bxb5 Kd6 35. Bc6 Rh4+ 36. Re4 g4 37. hxg4 Rh2 38. g3 Rg2 39. Re3 Bxg4 40. Ra3 Bc8 41. Kc4 Ba6+ 42. Kb4 Re2 43. Rf3 Rb2+ 44. Kc3 Rh2 45. Kd4 Rd2+ 46. Ke4 Re2+ 47. Re3 Rf2 48. Re1 Rd2 49. Rh1 Bc4 50. Rxh7 Re2+ 51. Kd4 1-0

[Event "HUN-chT2 Asztalos 0708"]
[Site "Hungary"]
[Date "2007.10.14"]
[Round "1"]
[White "Szabo, Kristof"]
[Black "Dios, Istvan"]
[Result "1-0"]
[WhiteElo "1721"]
[BlackElo "2039"]
[PlyCount "59"]
[EventDate "2007.10.14"]
[EventType "team-tourn"]
[EventRounds "11"]
[EventCountry "HUN"]
[SourceTitle "EXT 2009"]
[Source "ChessBase"]
[SourceDate "2008.11.26"]
[SourceVersion "1"]
[SourceVersionDate "2008.11.26"]
[SourceQuality "1"]
[WhiteTeam "Fehervar"]
[BlackTeam "Elore MAV"]
[WhiteTeamCountry "HUN"]
[BlackTeamCountry "HUN"]

1. e4 e5 2. Nf3 Nc6 3. Bc4 Bc5 4. c3 Nf6 5. d3 d6 6. 0-0 0-0 7. Bg5 Be6 8. Nbd2 Qe7 9. a4 a5 10. Qb3 Bb6 11. Rfd1 Kh8 12. Nf1 Bxc4 13. Qxc4 Qe6 14. Bxf6 Qxf6 15. Ne3 Ne7 16. b4 c6 17. Rab1 Rab8 18. bxa5 Bxa5 19. Rb3 Rfd8 20. Ng4 Qg6 21. Ngxe5 dxe5 22. Nxe5 Qh5 23. Nxf7+ Kg8 24. Nxd8+ Kh8 25. Nf7+ Kg8 26. Ne5+ Kh8 27. Nf3 Bc7 28. Rdb1 Rf8 29. Rxb7 Bd6 30. Qe6 1-0